000 00507nam a2200193Ia 4500
005 20250326144952.0
008 250326s9999 xx 000 0 und d
020 _a1 86197 570 8
037 _aTextbook
040 _aFMSL
_beng
_cFMSL
041 _aeng
_2eng
084 _aX:973 P4
_qFMSL
100 _aKennedy G
_999205
245 0 _aEssential negotiation
_cKennedy G
260 _aLondon
_bLondon, Profile
_c2004
300 _a234p
942 _cTB
_hX:973 P4
999 _c1305845
_d1305845